00360nam a2200133 a 45000010010000000030011000100080041000210350026000620820014000881000021001022450034001232600051001576500018002080000-8762ELIB.Books110520 2000  a(ELIB.Books)0000-8908 a225 bStr aStrecker, George aTheology of the New Testament bLouisville: Westminster John Knox Press c2000 aNew Testament